|
|
|
|
| LEADER |
00000nas a2200000 a 4500 |
| 001 |
ssj0012071 |
| 003 |
WaSeSS |
| 005 |
20200512172242.0 |
| 006 |
m d |
| 007 |
cr n |
| 008 |
980507c19709999enkqx pss 0 a0eng c |
| 010 |
|
|
|a 2009263188
|
| 015 |
|
|
|a GBA877412
|2 bnb
|
| 016 |
7 |
|
|a 2067227-5
|2 DE-600
|
| 016 |
7 |
|
|a 100968651
|2 DNLM
|
| 016 |
7 |
|
|a 013571050
|2 Uk
|
| 022 |
|
|
|a 1752-7554
|l 0047-2336
|y 0047-2336
|
| 035 |
|
|
|a (WaSeSS)ssj0012071
|
| 040 |
|
|
|a FGA
|b eng
|e pn
|c FGA
|d OCL
|d OCLCQ
|d BUF
|d OCLCQ
|d TXA
|d OCLCQ
|d AUD
|d OCLCQ
|d QE2
|d IAU
|d UKMGB
|d OCLCQ
|d OCLCF
|d OCLCO
|d VT2
|d OCLCQ
|d WT2
|d NLE
|d OCLCQ
|d TOF
|d AU@
|d SFB
|d DLC
|d CNMTR
|d OCLCQ
|d WaSeSS
|
| 042 |
|
|
|a pcc
|
| 043 |
|
|
|a a------
|
| 050 |
0 |
0 |
|a DS1
|
| 130 |
0 |
|
|a Journal of contemporary Asia (Online)
|
| 245 |
1 |
0 |
|a Journal of contemporary Asia
|h [electronic resource].
|
| 246 |
1 |
3 |
|a JCA
|
| 246 |
1 |
3 |
|a J.C.A.
|
| 260 |
|
|
|a Manila, Philippines :
|b Journal of Contemporary Asia
|
| 260 |
3 |
|
|3 <2017-> :
|a [Abingdon] :
|b Routledge, Taylor & Francis
|
| 310 |
|
|
|a Five issues per year,
|b 2017-
|
| 321 |
|
|
|a Quarterly
|
| 362 |
1 |
|
|a Print began with vol. 1, no. 1 (autumn 1970).
|
| 506 |
|
|
|a License restrictions may limit access.
|
| 538 |
|
|
|a Mode of access: World Wide Web.
|
| 588 |
0 |
|
|a Vol. 27, issue 1 (1997); title from PDF article running title (Informaworld, viewed Aug. 31, 2009).
|
| 588 |
1 |
|
|a Vol. 50, issue 1 (Jan. 2020) (Taylor & Francis website, viewed Feb. 3, 2020).
|
| 651 |
|
0 |
|a Asia
|v Periodicals.
|
| 651 |
|
7 |
|a Asia.
|2 fast
|0 (OCoLC)fst01240495
|
| 655 |
|
0 |
|a Electronic journals.
|
| 776 |
0 |
8 |
|i Print version:
|t Journal of contemporary Asia
|x 0047-2336
|w (DLC) 78612738
|w (OCoLC)1586065
|
| 850 |
|
|
|a DLC
|
| 856 |
4 |
0 |
|z Full text available from Research Library: 01/01/1996 to 11/30/2007
|u https://search.proquest.com/publication/47451
|